000 01170nam0a2200325 4500
001 RU\NLR\BIBL_A\022551552
005 20250618100443.0
010 _a978-5-04-216328-9
_92000
021 _aRU
_bКН-П-25-020059
_9КН-П-25-2029
035 _a(NLR Aleph) 022551552
090 _a13431210
_c13431210
100 _a20250527d2025 u y0rusy50 ca
101 1 _arus
_cger
102 _aRU
105 _aa z 000ay
181 0 _ai3
_baxxe
182 1 _an
200 1 _aКогда приходит шторм
_fКарина Шнелль
_gперевод с немецкого Светланы Селифоновой
203 _aТекст
_bвизуальный
_cнепосредственный
210 _aМосква
_cЭксмо
_d2025
215 _a445, [1] с.
_cил.
_d22
225 1 _aСтихии любви
_v1
225 1 _aШкола перевода В. Баканова
333 _a18+
686 1 _aШ6(4Ф)07-440.4{Лх1359.2-50}
700 1 _aШнелль
_bК.
_f1991-
_gКарина
_3RU\NLR\AUTH\770264033
942 _cBOOK
980 _aNB